000 01202nam2a22002651 4500
001 v19\rc\1530810
005 20250618174655.0
035 _a(NLR Aleph) 004650975
090 _a3421608
_c3421608
100 _a20060620d1900 |||y0rusy50 ca
101 0 _arus
102 _aRU
105 _ay z |||||
200 0 _a... за 1899 г.
210 _d1900
_aБ. м.
215 _a18 с.
461 0 _1001v19\rc\1530806
_12001#$aОтчет Совета Чудовского благотворительного общества при Московском хоре чудовских певчих$v... за 1899 г.
_93421560
_aМосковский хор чудовских певчих. Чудовское благотворительное о-во
_c[Москва
_d1887]-1914
_tОтчет Совета Чудовского благотворительного общества при Московском хоре чудовских певчих
_v... за 1899 г.
801 0 _aRU
_bNLR
_gpsbo
801 0 _aRU
_bRuMoRGB
_2psbo
801 1 _aRU
_bProSoft-M
_2rusmarc
852 _aNLR
_j18.213.344(10)
852 _aNLR
_j18.213.3.44
899 _aRuMoRGB (1886-1913*)
_jA 201/588
942 _cBOOK
980 _aNB